[Ruskí Sókratovia, sókratovskí Rusi]
Recenzia na monografiu Sókratés v Rusku, ktorá mapuje členitú a rozmanitú oblasť recepcie sókratovskej filozofie v ruskej a východoeurópskej oblasti od obdobia ruského osvietenstva v 18. storočí až po sovietsku éru.
Gespeichert in:
| 1. Verfasser: | |
|---|---|
| Format: | Buchkapitel |
| Sprache: | Slowakisch |
| Schlagworte: | |
| Tags: |
Keine Tags, Fügen Sie das erste Tag hinzu!
|
MARC
| LEADER | 00000naa a2200000 4500 | ||
|---|---|---|---|
| 001 | 0308037 | ||
| 005 | 20250408103046.7 | ||
| 041 | 0 | |a slo | |
| 044 | |a SK | ||
| 245 | 1 | 0 | |a [Ruskí Sókratovia, sókratovskí Rusi] |c František Škvrnda ml. |
| 520 | |a Recenzia na monografiu Sókratés v Rusku, ktorá mapuje členitú a rozmanitú oblasť recepcie sókratovskej filozofie v ruskej a východoeurópskej oblasti od obdobia ruského osvietenstva v 18. storočí až po sovietsku éru. | ||
| 610 | 2 | 0 | |a recenzie |
| 610 | 2 | 0 | |a filozofia |
| 610 | 2 | 0 | |a literatúra |
| 610 | 2 | 0 | |a história |
| 100 | 1 | |a Škvrnda, František, ml., 1987- | |